000 00376nam a22001457a 4500
020 _qPB.
040 _cFIZZA ISHAQ
082 _a327.4017
_bJOH
100 _aESPOSITO,L.JOHN.
_9131964
245 _aISLAMIC THREAT MYTH OR REALITY /
_cJOHN L.ESPOSITO.
250 _a3RD ED.
260 _aNEW YORK;
_bOXFORD UNIVERSITY PRESS;
_c1999.
300 _a328 P. ;
942 _2ddc
_cBK
999 _c615377
_d615377